000 00244nam a22000857a 4500
999 _c10920
_d10920
008 180407b ||||| |||| 00| 0 eng d
100 _aSagar, Rachana
_96729
245 _aTogether with Computer Science C++
260 _aNew Delhi
_bRachna Sagar Pvt Ltd